Normal view
MARC view
- Howe,Kerry J.
Entry Personal Name
001 - CONTROL NUMBER
- control field: 599
003 - CONTROL NUMBER IDENTIFIER
- control field: OSt
005 - DATE AND TIME OF LATEST TRANSACTION
- control field: 20160625123815.0
008 - FIXED-LENGTH DATA ELEMENTS
- fixed length control field: 160625|| aca||aabn | a|a d
040 ## - CATALOGING SOURCE
- Original cataloging agency: OSt
- Transcribing agency: OSt
100 ## - HEADING--PERSONAL NAME
- Personal name: Howe,Kerry J.
670 ## - SOURCE DATA FOUND
- Source citation: Work cat.: (OSt): Howe,Kerry J., Princioles of Water Treatment, 2012
